Μαθήματα αρμονικής ανάλυσης
Αποθηκεύτηκε σε:
| Κύριος συγγραφέας: | |
|---|---|
| Μορφή: | Βιβλίο |
| Γλώσσα: | Greek |
| Δημοσίευση: |
Θεσσαλονίκη :
Ζήτη,
2001.
|
| Θέματα: | |
| Ετικέτες: |
Προσθήκη ετικέτας
Δεν υπάρχουν, Καταχωρήστε ετικέτα πρώτοι!
|
MARC
| LEADER | 00000cam a2200000 i 4500 | ||
|---|---|---|---|
| 001 | 1/27224 | ||
| 008 | 020906s2001 gr | ||| |||| ||gre|| | ||
| 020 | |a 9604317598 | ||
| 035 | |l 10068397 | ||
| 040 | |a GR-MyUA |b gre |e AACR2 | ||
| 041 | 0 | |a gre | |
| 082 | 0 | |a 515.2433 | |
| 100 | 1 | |a Μαριάς, Μιχάλης Γ. | |
| 245 | 1 | 0 | |a Μαθήματα αρμονικής ανάλυσης / |c Μιχ. Γ. Μαριάς. |
| 260 | |a Θεσσαλονίκη : |b Ζήτη, |c 2001. | ||
| 300 | |a v, 128 σ. ; |c 24 εκ. | ||
| 504 | |a Περιέχει βιβλιογραφικές αναφορές. | ||
| 650 | 0 | 0 | |a Harmonic analysis. |
| 852 | |a INST |b SAMOS |e 20020906 |h 515.2433 ΜΑΡ |p 005300019947 |q 005300019947 |t BK |y 0 | ||
| 901 | |a BIBL3-2002-3 | ||
| 909 | |a Σ |b 087609 | ||
| 970 | |a ΚΟΣΙΕΡΗΣ |b ΧΡΗΣΤΟΣ |z 2002/09/06 | ||